15 größte Städte Spanien - Statistiken

Allgemein
  • Dieses Quiz wurde 76 mal gespielt
  • Das Durchschnittsergebnis liegt bei 10 aus 15
Antwortstatistiken
Einwohner Antwort % Korrekt
1.656.000 Barcelona
100%
3.340.000 Madrid
100%
804.000 Valencia
96%
684.000 Sevilla
93%
345.000 Bilbao
84%
587.000 Málaga
82%
431.000 Palma
75%
684.000 Saragossa
61%
468.000 Murcia
49%
351.000 Alicante
46%
295.000 Vigo
46%
381.000 Las Palmas de Gran Canaria
40%
324.000 Córdoba
28%
297.000 Valladolid
28%
269.000 Gijón
22%
Keine übereinstimmenden Quizze gefunden
Verteilung der Resultate
Anzahl Personen mit jedem Resultat
Perzentil nach korrekt beantworteten Fragen
Ihre Resultats-Entwicklung
Sie haben dieses Quiz noch nicht gespielt